[Event "Rheinland Pfalz op 13th"]
[Site "Engers"]
[Date "2023.06.09"]
[Round "4"]
[White "Du Maire, Jerome"]
[Black "Ollenberger, Roland"]
[Result "1-0"]
[WhiteElo "2129"]
[BlackElo "2280"]
[PlyCount "159"]
[EventDate "2023.06.08"]
[EventType "swiss"]
[EventRounds "7"]
[EventCountry "GER"]
[SourceTitle "CBM 214 Extra"]
[Source "ChessBase"]
[SourceDate "2023.07.31"]
[SourceVersion "1"]
[SourceVersionDate "2023.07.31"]
[SourceQuality "1"]

1. d4 Nf6 2. c4 e6 3. g3 d5 4. Bg2 Bb4+ 5. Nd2 0-0 6. Ngf3 c5 7. cxd5 exd5 8. dxc5 Bxc5 9. 0-0 Nc6 10. Nb3 Bb6 11. Nbd4 Re8 12. e3 Bg4 13. h3 Bd7 14. b3 Ne4 15. Bb2 Qf6 16. Rc1 Qh6 17. Nxc6 bxc6 18. Ne5 Bxh3 19. Rxc6 Be6 20. Nd3 Rac8 21. Rxc8 Rxc8 22. Nf4 Rd8 23. Bd4 Nf6 24. Bxb6 axb6 25. Qd4 b5 26. Rc1 Qg5 27. Qb6 Re8 28. Qxb5 Qe5 29. Nxe6 fxe6 30. Qc6 Qb2 31. Qc2 Qa3 32. Bh3 Kf7 33. Rb1 Re7 34. Qb2 Ra7 35. Qxa3 Rxa3 36. Rb2 Ne4 37. Rc2 Ke7 38. Bg2 Nf6 39. Kf1 Kd6 40. Ke2 g5 41. Kd3 h5 42. f4 gxf4 43. gxf4 h4 44. Bf3 Nd7 45. Kc3 Ra7 46. Rh2 Nc5 47. Kd4 Ra8 48. e4 dxe4 49. Bxe4 Rb8 50. Bd3 Ra8 51. Bc4 Rh8 52. Rh3 Nd7 53. a4 Nf6 54. Re3 Re8 55. b4 Ng4 56. Rh3 Rh8 57. Be2 Nf6 58. Bf3 Nd7 59. a5 e5+ 60. fxe5+ Nxe5 61. Be4 Nc6+ 62. Kc4 Rh5 63. a6 Na7 64. Bf3 Rh6 65. b5 Kc7 66. Kc5 Rb6 67. Be2 Rh6 68. Rf3 Rh5+ 69. Kb4 Rh7 70. Bf1 Rh5 71. Rf7+ Kb8 72. Rb7+ Ka8 73. Bg2 h3 74. Bh1 Rh4+ 75. Ka5 Nc6+ 76. Bxc6 Rc4 77. Bf3 Rc3 78. Rf7+ Kb8 79. a7+ Kc8 80. a8Q# 1-0

[Event "Hessenliga 1921"]
[Site "Hessen"]
[Date "2021.09.04"]
[Round "8.3"]
[White "Knickel, Aaron"]
[Black "Du Maire, Jerome"]
[Result "1/2-1/2"]
[WhiteElo "2145"]
[BlackElo "2103"]
[PlyCount "57"]
[EventDate "2019.09.22"]
[EventType "team-tourn"]
[EventRounds "9"]
[EventCountry "GER"]
[SourceTitle "EXT 2024"]
[Source "ChessBase"]
[SourceDate "2023.10.10"]
[SourceVersion "1"]
[SourceVersionDate "2023.10.10"]
[SourceQuality "1"]
[WhiteTeam "Neuberg II"]
[BlackTeam "Frankfurt TV"]
[WhiteTeamCountry "GER"]
[BlackTeamCountry "GER"]

1. g3 d5 2. Bg2 Nf6 3. d3 e6 4. Nf3 Be7 5. Nbd2 0-0 6. e4 c5 7. 0-0 Nc6 8. c3 b5 9. a4 b4 10. Re1 bxc3 11. bxc3 Ba6 12. Bf1 Rb8 13. Ba3 dxe4 14. Nxe4 Nxe4 15. Rxe4 Qd5 16. c4 Qd7 17. Ra2 Rb6 18. d4 Rfb8 19. d5 Rb1 20. Bc1 exd5 21. cxd5 Bxf1 22. Kxf1 Bf6 23. Rc2 Nd4 24. Rxc5 Nb3 25. Rc2 Rd8 26. Kg2 h6 27. Rec4 Nxc1 28. Rxc1 Rxc1 29. Rxc1 1/2-1/2

[Event "Untergrombach op 37th"]
[Site "Untergrombach"]
[Date "2020.01.05"]
[Round "6"]
[White "Jurkic, Bosiljko"]
[Black "Du Maire, Jerome"]
[Result "1/2-1/2"]
[WhiteElo "2037"]
[BlackElo "2123"]
[PlyCount "27"]
[EventDate "2020.01.02"]
[EventType "swiss"]
[EventRounds "7"]
[EventCountry "GER"]
[SourceTitle "CBM 194 Extra"]
[Source "ChessBase"]
[SourceDate "2020.03.31"]
[SourceVersion "1"]
[SourceVersionDate "2020.03.31"]
[SourceQuality "1"]

1. b3 d5 2. Bb2 Nf6 3. e3 e6 4. Nf3 Be7 5. c4 0-0 6. Be2 c5 7. 0-0 Nc6 8. cxd5 Nxd5 9. a3 b6 10. Qc2 Bb7 11. d3 Rc8 12. Nbd2 Bf6 13. Ne4 Bxb2 14. Qxb2 1/2-1/2

[Event "Hessen Cup Goldener Springer"]
[Site "Griesheim"]
[Date "2019.01.20"]
[Round "5"]
[White "Klundt, Klaus"]
[Black "Du Maire, Jerome"]
[Result "1-0"]
[WhiteElo "2309"]
[BlackElo "2148"]
[PlyCount "55"]
[EventDate "2019.01.18"]
[EventType "swiss"]
[EventRounds "6"]
[EventCountry "GER"]
[SourceTitle "EXT 2020"]
[Source "ChessBase"]
[SourceDate "2019.10.17"]
[SourceVersion "1"]
[SourceVersionDate "2019.10.17"]
[SourceQuality "1"]

1. e4 e6 2. d3 d5 3. Nd2 Nf6 4. Ngf3 c5 5. g3 Nc6 6. Bg2 Be7 7. 0-0 0-0 8. Re1 b5 9. e5 Ne8 10. Nf1 b4 11. h4 a5 12. N1h2 a4 13. a3 bxa3 14. bxa3 Nc7 15. Rb1 Ba6 16. Ng5 h6 17. Ngf3 Nb5 18. Qd2 Ncd4 19. Nxd4 Nxd4 20. Nf3 Nc6 21. Qf4 Qd7 22. g4 f6 23. exf6 Rxf6 24. Qxa4 Qc8 25. Rb6 Bb7 26. Qb5 Ra7 27. Bb2 Rf4 28. Ne5 1-0

[Event "GER-chT Betriebe 16th"]
[Site "Dresden"]
[Date "2016.11.03"]
[Round "2.2"]
[White "Du Maire, Jerome"]
[Black "Schmidt, Joerg4444"]
[Result "1-0"]
[WhiteElo "2170"]
[BlackElo "1736"]
[PlyCount "93"]
[EventDate "2016.11.03"]
[EventType "team-swiss"]
[EventRounds "7"]
[EventCountry "GER"]
[SourceTitle "EXT 2020"]
[Source "ChessBase"]
[SourceDate "2019.10.17"]
[SourceVersion "1"]
[SourceVersionDate "2019.10.17"]
[SourceQuality "1"]
[WhiteTeam "Frankfurt Commerzbank"]
[BlackTeam "Berlin Tempelhof II"]
[WhiteTeamCountry "GER"]
[BlackTeamCountry "GER"]

1. d4 Nf6 2. c4 g6 3. Nf3 Bg7 4. g3 d6 5. Bg2 0-0 6. Nc3 Nbd7 7. 0-0 e5 8. e4 c6 9. h3 Qc7 10. Be3 a6 11. a4 Re8 12. a5 exd4 13. Nxd4 Nc5 14. Qc2 Qe7 15. Rfe1 Ne6 16. Rad1 Nd7 17. Nde2 Ne5 18. b3 g5 19. Qd2 g4 20. hxg4 Nxg4 21. Bb6 Nc5 22. b4 Nd7 23. Bd4 Nge5 24. Qa2 Nf6 25. f4 Neg4 26. c5 dxc5 27. Bxc5 Qe6 28. Qxe6 Bxe6 29. Bf3 h5 30. Nd4 Rad8 31. Bb6 Rd7 32. Na4 Bc4 33. Nc5 Rde7 34. Nf5 Re6 35. Nxe6 fxe6 36. Nxg7 Kxg7 37. Rd4 Bb5 38. Rd8 Re7 39. Red1 e5 40. Bc5 Rf7 41. f5 Kh6 42. Kg2 Kg5 43. R1d6 Ba4 44. Rg8+ Kh6 45. Bxg4 Kh7 46. Rxf6 Rxf6 47. Rg6 1-0